[Event "Africa-ch Blitz (Women)"]
[Site "Casablanca"]
[Date "2019.08.28"]
[Round "9.10"]
[White "Magne, Kouokam Sylviane"]
[Black "Marzouk, Amira"]
[Result "1-0"]
[WhiteElo "1487"]
[BlackElo "1718"]
[PlyCount "161"]
[EventDate "2019.08.28"]
[EventType "swiss (blitz)"]
[EventRounds "9"]
[EventCountry "MAR"]
[SourceTitle "EXT 2024"]
[Source "ChessBase"]
[SourceDate "2023.10.10"]
[SourceVersion "1"]
[SourceVersionDate "2023.10.10"]
[SourceQuality "1"]

1. d4 Nf6 2. c4 e6 3. Nf3 Be7 4. Nc3 0-0 5. e4 Bb4 6. Bd3 d6 7. Bd2 c5 8. a3 Ba5 9. b4 cxb4 10. axb4 Bxb4 11. Rb1 Bxc3 12. Bxc3 b6 13. 0-0 Nc6 14. Re1 Bb7 15. e5 dxe5 16. Nxe5 Nxe5 17. dxe5 Nd7 18. Qh5 g6 19. Qg4 Nc5 20. Be2 Qc7 21. Bf3 Bxf3 22. Qxf3 Rad8 23. Rbd1 Rd7 24. Qg3 Rfd8 25. Rd6 Rxd6 26. exd6 Qxd6 27. Qxd6 Rxd6 28. Be5 Rd2 29. Bb8 Ra2 30. Rd1 Kg7 31. Be5+ f6 32. Bd6 Nb7 33. Be7 f5 34. h4 Rc2 35. Rd7 Na5 36. Rc7 Rxc4 37. Rxa7 Nc6 38. Rc7 b5 39. Bd6+ Kf6 40. Rb7 b4 41. Rb6 Rc1+ 42. Kh2 Rc2 43. f4 Rc4 44. g3 Rc2+ 45. Kg1 Nd4 46. Be5+ Kf7 47. Bxd4 Rd2 48. Bc5 Rd3 49. Kf2 b3 50. Ba3 Rc3 51. Rb7+ Ke8 52. Rxh7 Rc2+ 53. Ke3 b2 54. Rh8+ Kd7 55. Bxb2 Rxb2 56. Rh7+ Kd6 57. Rg7 Rb3+ 58. Kf2 Rb2+ 59. Kf3 Rb3+ 60. Kg2 Rb2+ 61. Kh3 Rb3 62. Rxg6 Rf3 63. h5 Rf1 64. Kg2 Rd1 65. h6 Rd2+ 66. Kf3 Rd3+ 67. Ke2 Ra3 68. Rg8 Ra2+ 69. Kd3 Rh2 70. Rg6 Rh3 71. Ke2 Ke7 72. Rg7+ Kf6 73. Rh7 Kg6 74. Rh8 Rxh6 75. Rxh6+ Kxh6 76. Kf3 Kh5 77. Kg2 Kg4 78. Kf2 Kh3 79. Kf3 Kh2 80. g4 Kh3 81. g5 1-0

[Event "Africa-ch Blitz (Women)"]
[Site "Casablanca"]
[Date "2019.08.28"]
[Round "6.10"]
[White "Marzouk, Amira"]
[Black "Miladi, Amen"]
[Result "1/2-1/2"]
[WhiteElo "1718"]
[BlackElo "1651"]
[PlyCount "24"]
[EventDate "2019.08.28"]
[EventType "swiss (blitz)"]
[EventRounds "9"]
[EventCountry "MAR"]
[SourceTitle "EXT 2024"]
[Source "ChessBase"]
[SourceDate "2023.10.10"]
[SourceVersion "1"]
[SourceVersionDate "2023.10.10"]
[SourceQuality "1"]

1. d4 d5 2. Bf4 Bf5 3. e3 e6 4. Nf3 Nd7 5. Nbd2 h6 6. h3 c5 7. c3 Qb6 8. Qb3 Qxb3 9. axb3 cxd4 10. exd4 a6 11. Be2 Ngf6 12. 0-0 Rc8 1/2-1/2

[Event "Africa-ch Blitz (Women)"]
[Site "Casablanca"]
[Date "2019.08.28"]
[Round "2.1"]
[White "Marzouk, Amira"]
[Black "Wafa, Shrook"]
[Result "0-1"]
[WhiteElo "1718"]
[BlackElo "2044"]
[PlyCount "109"]
[EventDate "2019.08.28"]
[EventType "swiss (blitz)"]
[EventRounds "9"]
[EventCountry "MAR"]
[SourceTitle "EXT 2024"]
[Source "ChessBase"]
[SourceDate "2023.10.10"]
[SourceVersion "1"]
[SourceVersionDate "2023.10.10"]
[SourceQuality "1"]

1. d4 f5 2. Bf4 Nf6 3. e3 g6 4. Nf3 Bg7 5. h3 0-0 6. Nbd2 d5 7. c3 b6 8. Be2 Bb7 9. 0-0 Nbd7 10. a4 h6 11. Ne5 Nxe5 12. Bxe5 Nd7 13. Bxg7 Kxg7 14. Bd3 e5 15. dxe5 Nxe5 16. Bb5 Qf6 17. Qe2 a6 18. Bd3 Nxd3 19. Qxd3 c5 20. Nf3 a5 21. Rfd1 Rfd8 22. Qb5 Ba6 23. Qb3 Be2 24. Re1 Bxf3 25. gxf3 Rd6 26. Qd1 Rad8 27. Qe2 Qh4 28. Qf1 d4 29. cxd4 cxd4 30. Rad1 d3 31. f4 Qh5 32. Qg2 d2 33. Rf1 Qe2 34. Qb7+ Kg8 35. Kg2 Qc4 36. Qf3 Qxa4 37. Rh1 Qe4 38. Qxe4 fxe4 39. Rhg1 b5 40. Rh1 b4 41. Rhg1 a4 42. Kh2 Kf7 43. Rh1 a3 44. bxa3 bxa3 45. Ra1 Ra8 46. Rhd1 a2 47. Kg1 Kf6 48. Kf1 g5 49. fxg5+ Kxg5 50. Ke2 Kh4 51. Rxd2 Rxd2+ 52. Kxd2 Kxh3 53. Ke2 Kg2 54. Kd2 h5 55. Kc3 0-1

[Event "Africa-chT rapid (Women)"]
[Site "Casablanca"]
[Date "2019.08.27"]
[Round "8.4"]
[White "Marzouk, Amira"]
[Black "Gabatshwarwe, Refilwe"]
[Result "0-1"]
[WhiteElo "1639"]
[BlackElo "1415"]
[PlyCount "48"]
[EventDate "2019.08.26"]
[EventType "swiss (rapid)"]
[EventRounds "9"]
[EventCountry "MAR"]
[SourceTitle "EXT 2020"]
[Source "ChessBase"]
[SourceDate "2019.10.17"]
[SourceVersion "1"]
[SourceVersionDate "2019.10.17"]
[SourceQuality "1"]

1. d4 d5 2. Bf4 c5 3. e3 Nc6 4. c3 Qb6 5. Qb3 c4 6. Qxb6 axb6 7. a3 Bf5 8. Nd2 e6 9. Ngf3 Nf6 10. a4 b5 11. b3 Bc2 12. Rc1 cxb3 13. Bxb5 Ba3 14. 0-0 Bxc1 15. Rxc1 0-0 16. Ne1 Ne4 17. Nxe4 b2 18. Rd1 Bxd1 19. Nd2 Bxa4 20. Bd3 Na5 21. Bd6 Rfc8 22. Bb4 Nb3 23. Nb1 Nc1 24. Bf1 Bd1 0-1

[Event "Africa-chT rapid (Women)"]
[Site "Casablanca"]
[Date "2019.08.27"]
[Round "6.8"]
[White "Marzouk, Amira"]
[Black "Mentile, Lishen"]
[Result "1-0"]
[WhiteElo "1639"]
[BlackElo "1513"]
[PlyCount "49"]
[EventDate "2019.08.26"]
[EventType "swiss (rapid)"]
[EventRounds "9"]
[EventCountry "MAR"]
[SourceTitle "EXT 2020"]
[Source "ChessBase"]
[SourceDate "2019.10.17"]
[SourceVersion "1"]
[SourceVersionDate "2019.10.17"]
[SourceQuality "1"]

1. d4 d5 2. Bf4 Nf6 3. e3 c5 4. c3 e6 5. Nf3 Nc6 6. Nbd2 Bd6 7. Bg3 0-0 8. Bd3 Re8 9. Ne5 Bxe5 10. dxe5 Nd7 11. f4 c4 12. Bc2 Qb6 13. Bf2 Qxb2 14. Rc1 Nc5 15. 0-0 b6 16. Nf3 h6 17. Bb1 Qa3 18. g4 Ne4 19. g5 hxg5 20. Bxe4 dxe4 21. Nxg5 g6 22. Qg4 Kf8 23. Nxe4 Bd7 24. Qg5 Ne7 25. Qh6+ 1-0

[Event "Africa-chT rapid (Women)"]
[Site "Casablanca"]
[Date "2019.08.26"]
[Round "3.11"]
[White "Lorng Yowel, Madeleine"]
[Black "Marzouk, Amira"]
[Result "0-1"]
[WhiteElo "1092"]
[BlackElo "1639"]
[PlyCount "36"]
[EventDate "2019.08.26"]
[EventType "swiss (rapid)"]
[EventRounds "9"]
[EventCountry "MAR"]
[SourceTitle "EXT 2020"]
[Source "ChessBase"]
[SourceDate "2019.10.17"]
[SourceVersion "1"]
[SourceVersionDate "2019.10.17"]
[SourceQuality "1"]

1. e4 c5 2. Nf3 d6 3. d4 cxd4 4. Nxd4 Nf6 5. Nc3 g6 6. Bg5 a6 7. Bxf6 exf6 8. Nd5 Nc6 9. Nxc6 bxc6 10. Bd3 cxd5 11. exd5 Bg7 12. 0-0 0-0 13. Re1 Bb7 14. Bc4 f5 15. Rb1 Qh4 16. g3 Qxc4 17. Re7 Bxd5 18. Qxd5 Qxd5 0-1

[Event "Africa-chT rapid"]
[Site "Casablanca"]
[Date "2019.08.25"]
[Round "8.2"]
[White "Marzouk, Amira"]
[Black "Nassr, Lina"]
[Result "0-1"]
[WhiteElo "1698"]
[BlackElo "1938"]
[PlyCount "78"]
[EventDate "2019.08.24"]
[EventType "team-swiss (rapid)"]
[EventRounds "9"]
[EventCountry "MAR"]
[SourceTitle "EXT 2020"]
[Source "ChessBase"]
[SourceDate "2019.10.17"]
[SourceVersion "1"]
[SourceVersionDate "2019.10.17"]
[SourceQuality "1"]
[WhiteTeam "Tunisia"]
[BlackTeam "Algeria"]
[WhiteTeamCountry "TUN"]
[BlackTeamCountry "ALG"]

1. d4 d5 2. Bf4 Nf6 3. e3 e6 4. Nf3 c5 5. c3 Nc6 6. Nbd2 Bd6 7. Bg3 0-0 8. Bd3 b6 9. Ne5 Bb7 10. 0-0 Ne7 11. f4 Nf5 12. Bf2 Be7 13. Qe2 Nd6 14. Rfd1 Qc8 15. a4 a6 16. dxc5 bxc5 17. c4 Nfe4 18. cxd5 Nxf2 19. Qxf2 exd5 20. Rdc1 Qe6 21. Qe2 Rfc8 22. Ndf3 Bd8 23. Rc2 f6 24. f5 Nxf5 25. Bxf5 Qxf5 26. Nd3 Bb6 27. Rac1 c4 28. Nb4 Re8 29. Rc3 Kh8 30. Nc2 Qe4 31. Nd2 Qe7 32. Qf2 Rad8 33. Nd4 Ba5 34. Ra3 Bb4 35. Nf5 Qe5 36. Ra2 Bxd2 37. Qxd2 Qxf5 38. Rf1 Qe4 39. Rf4 Qb1+ 0-1

[Event "Africa-chT rapid"]
[Site "Casablanca"]
[Date "2019.08.24"]
[Round "5.1"]
[White "Wafa, Shrook"]
[Black "Marzouk, Amira"]
[Result "1-0"]
[WhiteElo "2183"]
[BlackElo "1698"]
[PlyCount "49"]
[EventDate "2019.08.24"]
[EventType "team-swiss (rapid)"]
[EventRounds "9"]
[EventCountry "MAR"]
[SourceTitle "EXT 2020"]
[Source "ChessBase"]
[SourceDate "2019.10.17"]
[SourceVersion "1"]
[SourceVersionDate "2019.10.17"]
[SourceQuality "1"]
[WhiteTeam "Egypt"]
[BlackTeam "Tunisia"]
[WhiteTeamCountry "EGY"]
[BlackTeamCountry "TUN"]

1. e4 c5 2. Nf3 d6 3. Nc3 Nf6 4. Bb5+ Bd7 5. Bxd7+ Nbxd7 6. d4 cxd4 7. Nxd4 g6 8. 0-0 Bg7 9. Re1 0-0 10. Be3 a6 11. f3 Rc8 12. Qd2 Re8 13. Rac1 b5 14. a4 b4 15. Nd5 Nxd5 16. exd5 a5 17. Nc6 Qc7 18. Bd4 Bxd4+ 19. Qxd4 Nb8 20. Na7 Qc5 21. c3 Qxd4+ 22. cxd4 Kf8 23. Rxc8 Rxc8 24. Nxc8 Nd7 25. Rxe7 1-0

[Event "Africa-ch (Women)"]
[Site "Hammamet"]
[Date "2019.07.16"]
[Round "8.5"]
[White "Mwango, Lorita"]
[Black "Marzouk, Amira"]
[Result "1/2-1/2"]
[WhiteElo "1931"]
[BlackElo "1667"]
[PlyCount "167"]
[EventDate "2019.07.09"]
[EventType "swiss"]
[EventRounds "9"]
[EventCountry "TUN"]
[SourceTitle "CBM 191 Extra"]
[Source "ChessBase"]
[SourceDate "2019.09.30"]
[SourceVersion "1"]
[SourceVersionDate "2019.09.30"]
[SourceQuality "1"]

1. d4 d5 2. Nf3 Nf6 3. Bf4 e6 4. e3 Be7 5. Be2 0-0 6. 0-0 b6 7. h3 Bb7 8. Nbd2 Nbd7 9. c3 Ne4 10. Rc1 c5 11. Qc2 Rc8 12. Qb1 f5 13. Nxe4 fxe4 14. Ne5 Nxe5 15. Bxe5 Bd6 16. Bg4 Qe7 17. Bxd6 Qxd6 18. Qc2 Ba6 19. Be2 Bxe2 20. Qxe2 c4 21. f3 exf3 22. Rxf3 Rxf3 23. Qxf3 Rf8 24. Qe2 b5 25. Re1 e5 26. dxe5 Qxe5 27. Qd2 Qe4 28. Rd1 Rf5 29. a3 Re5 30. Re1 a6 31. Qd4 Qxd4 32. cxd4 Re6 33. Kf2 Kf7 34. Kf3 a5 35. Rc1 Kf6 36. Ke2 Kg5 37. g3 Rh6 38. Rh1 Kf5 39. Rf1+ Ke6 40. h4 Rf6 41. Re1 Kf5 42. Kf3 Kg6+ 43. Kg2 Kf5 44. Kf3 Ke6+ 45. Ke2 Kd6 46. Rc1 Rf7 47. Ra1 Ke6 48. Re1 Rb7 49. Kf3 b4 50. axb4 axb4 51. Ra1 Kd6 52. Ra6+ Kc7 53. Kf4 Rb6 54. Ra7+ Kc6 55. Ke5 Rb7 56. Ra6+ Rb6 57. Ra1 Rb5 58. e4 dxe4+ 59. Kxe4 Rb7 60. d5+ Kb5 61. Kd4 Rf7 62. Rc1 Rf2 63. Rxc4 Rd2+ 64. Ke3 Rxd5 65. Rc7 Rc5 66. Rxc5+ Kxc5 67. b3 Kd5 68. Kd3 h5 69. Ke3 Ke5 70. Kd3 Kd5 71. Ke3 Ke5 72. Kd3 Kf5 73. Kc4 Kg4 74. Kxb4 Kxg3 75. Kc5 Kxh4 76. b4 Kg4 77. b5 h4 78. b6 h3 79. b7 h2 80. b8Q h1Q 81. Qc8+ Kg3 82. Qc7+ Kf2 83. Qxg7 Qc1+ 84. Kd5 1/2-1/2

[Event "Africa-ch (Women)"]
[Site "Hammamet"]
[Date "2019.07.12"]
[Round "4.7"]
[White "Nassr, Lina"]
[Black "Marzouk, Amira"]
[Result "0-1"]
[WhiteElo "1982"]
[BlackElo "1667"]
[PlyCount "108"]
[EventDate "2019.07.09"]
[EventType "swiss"]
[EventRounds "9"]
[EventCountry "TUN"]
[SourceTitle "CBM 191 Extra"]
[Source "ChessBase"]
[SourceDate "2019.09.30"]
[SourceVersion "1"]
[SourceVersionDate "2019.09.30"]
[SourceQuality "1"]

1. d4 Nf6 2. Nf3 d5 3. e3 c5 4. c4 Nc6 5. Nc3 dxc4 6. Bxc4 cxd4 7. exd4 e6 8. 0-0 Bb4 9. a3 Bxc3 10. bxc3 Qc7 11. Bd3 h6 12. c4 0-0 13. Bb2 b6 14. Rc1 Qf4 15. Bb1 Rd8 16. Qc2 Bb7 17. Rcd1 Na5 18. Ne5 Be4 19. Qc3 Bxb1 20. Rxb1 Ne4 21. Qc2 Rac8 22. Qe2 Nb3 23. Rfd1 Qf5 24. Rd3 Nxd4 25. Bxd4 Rxd4 26. Rxd4 Nc3 27. Qd3 Qxd3 28. Rxd3 Nxb1 29. Kf1 f6 30. Nf3 Rxc4 31. Rb3 Nc3 32. Nd2 Rc7 33. Ke1 Kf7 34. Nf3 Nd5 35. Nd4 Rc3 36. Rxc3 Nxc3 37. Nc6 a5 38. Nd4 e5 39. Nc2 Ke6 40. Kd2 Nd5 41. g3 Kf5 42. f3 b5 43. Kd3 h5 44. Na1 b4 45. axb4 Nxb4+ 46. Kc4 e4 47. fxe4+ Kxe4 48. Nb3 Nc6 49. Kc5 Ne5 50. Nxa5 Ng4 51. Nc4 Nxh2 52. Nd6+ Kf3 53. Ne8 Nf1 54. Nxg7 Nxg3 0-1

[Event "TUN-ch (Women)"]
[Site "Monastir"]
[Date "2019.03.19"]
[Round "2"]
[White "Marzouk, Amira"]
[Black "Knani, Ghada"]
[Result "1-0"]
[WhiteElo "1695"]
[BlackElo "1463"]
[PlyCount "45"]
[EventDate "2019.03.18"]
[EventType "swiss"]
[EventRounds "9"]
[EventCountry "TUN"]
[SourceTitle "CBM 190 Extra"]
[Source "ChessBase"]
[SourceDate "2019.07.15"]
[SourceVersion "1"]
[SourceVersionDate "2019.07.15"]
[SourceQuality "1"]

1. d4 Nf6 2. Bf4 d6 3. e3 g6 4. h3 Bg7 5. Nf3 0-0 6. Be2 Bf5 7. Nbd2 Re8 8. 0-0 Nbd7 9. Bh2 e5 10. c3 h6 11. g4 e4 12. gxf5 exf3 13. Bxf3 gxf5 14. Qc2 Ne4 15. Nxe4 fxe4 16. Bxe4 Qg5+ 17. Bg2 Nf8 18. Kh1 Rab8 19. Rg1 Qh4 20. Qf5 Ng6 21. Bd5 Nh8 22. Rg4 Qe7 23. Rag1 1-0

[Event "Arab-ch (Women)"]
[Site "Dubai"]
[Date "2018.12.03"]
[Round "7"]
[White "Marzouk, Amira"]
[Black "Toubal, Hayat"]
[Result "0-1"]
[WhiteElo "1708"]
[BlackElo "1867"]
[PlyCount "44"]
[EventDate "2018.11.28"]
[EventType "swiss"]
[EventRounds "9"]
[EventCountry "UAE"]
[SourceTitle "CBM 187 Extra"]
[Source "ChessBase"]
[SourceDate "2018.11.04"]
[SourceVersion "1"]
[SourceVersionDate "2018.11.04"]
[SourceQuality "1"]

1. d4 d5 2. Bf4 c5 3. c3 Nc6 4. e3 Qb6 5. Qb3 c4 6. Qc2 g6 7. Nd2 Nf6 8. f3 Nh5 9. Bg5 Bg7 10. e4 e6 11. g4 Nf6 12. e5 Nd7 13. f4 f6 14. Bh4 fxe5 15. fxe5 Nxd4 16. cxd4 Qxd4 17. Ndf3 Qe3+ 18. Be2 Nxe5 19. Nxe5 Qxe5 20. Rb1 0-0 21. Bg3 Qe3 22. Qd2 Qe4 0-1

[Event "Arab-ch (Women)"]
[Site "Dubai"]
[Date "2018.11.29"]
[Round "2"]
[White "Marzouk, Amira"]
[Black "Heba, Assi"]
[Result "1-0"]
[WhiteElo "1708"]
[BlackElo "1560"]
[PlyCount "73"]
[EventDate "2018.11.28"]
[EventType "swiss"]
[EventRounds "9"]
[EventCountry "UAE"]
[SourceTitle "CBM 187 Extra"]
[Source "ChessBase"]
[SourceDate "2018.11.04"]
[SourceVersion "1"]
[SourceVersionDate "2018.11.04"]
[SourceQuality "1"]

1. d4 Nf6 2. Bf4 g6 3. e3 Bg7 4. Nf3 d6 5. h3 0-0 6. Be2 c5 7. c3 b6 8. Nbd2 Bb7 9. 0-0 Nbd7 10. a4 a6 11. Bh2 Rc8 12. Re1 Rc7 13. Bd3 cxd4 14. exd4 Re8 15. Bf1 Nd5 16. Ne4 f5 17. Ned2 e5 18. dxe5 dxe5 19. Bc4 Kh8 20. Qe2 Rc8 21. Bxa6 Bxa6 22. Qxa6 e4 23. Nd4 Nc5 24. Qb5 Nd3 25. Reb1 Rc5 26. Qb3 Qh4 27. Bg3 Qg5 28. Qd1 f4 29. Bh2 e3 30. fxe3 Nxe3 31. Qf3 Ne5 32. Qe2 Rcc8 33. Ne4 f3 34. Nxf3 Nxf3+ 35. Qxf3 Rxe4 36. Qxe4 Rd8 37. Bf4 1-0

[Event "Arab-ch (Women)"]
[Site "Dubai"]
[Date "2018.11.29"]
[Round "3"]
[White "Marzouk, Amira"]
[Black "Rania, Sbai"]
[Result "1-0"]
[WhiteElo "1708"]
[BlackElo "1913"]
[PlyCount "48"]
[EventDate "2018.11.28"]
[EventType "swiss"]
[EventRounds "9"]
[EventCountry "UAE"]
[SourceTitle "CBM 187 Extra"]
[Source "ChessBase"]
[SourceDate "2018.11.04"]
[SourceVersion "1"]
[SourceVersionDate "2018.11.04"]
[SourceQuality "1"]

1. d4 d5 2. Bf4 Nf6 3. e3 e6 4. Nf3 c5 5. c3 Nc6 6. Nbd2 Bd6 7. Bg3 0-0 8. Bd3 Re8 9. Ne5 c4 10. Bc2 Qc7 11. f4 b5 12. Bh4 Nd7 13. Bxh7+ Kf8 14. Qh5 Bxe5 15. fxe5 Ncxe5 16. dxe5 Qxe5 17. Qxe5 Nxe5 18. Bc2 Ng4 19. Bf2 Bb7 20. 0-0 e5 21. h3 Nf6 22. Bh4 Nd7 23. Bg6 Nf6 24. Bxf6 Bc8 1-0

[Event "Olympiad Women-43"]
[Site "Batumi"]
[Date "2018.10.04"]
[Round "10.1"]
[White "Marzouk, Amira"]
[Black "Ortez, Andrea"]
[Result "1/2-1/2"]
[WhiteElo "1745"]
[BlackElo "1772"]
[PlyCount "94"]
[EventDate "2018.09.24"]
[EventType "team-swiss"]
[EventRounds "11"]
[EventCountry "GEO"]
[SourceTitle "EXT 2020"]
[Source "ChessBase"]
[SourceDate "2019.10.17"]
[SourceVersion "1"]
[SourceVersionDate "2019.10.17"]
[SourceQuality "1"]
[WhiteTeam "Tunisia (W)"]
[BlackTeam "El Salvador (W)"]
[WhiteTeamCountry "TUN"]
[BlackTeamCountry "ESA"]

1. d4 d5 2. Bf4 Nf6 3. e3 c5 4. c3 e6 5. Nf3 Nc6 6. Nbd2 Bd6 7. Bg3 0-0 8. Bd3 b6 9. Ne5 Bb7 10. 0-0 Ne7 11. Qb1 g6 12. h3 Nf5 13. Bh2 Be7 14. Re1 Kg7 15. Qd1 Nd6 16. f3 Rc8 17. Qe2 Nd7 18. Ba6 Bxa6 19. Qxa6 f6 20. Nd3 Rf7 21. Nf2 e5 22. dxe5 Nxe5 23. Ng4 Nxg4 24. hxg4 f5 25. gxf5 Nxf5 26. e4 dxe4 27. Nxe4 Qf8 28. Rad1 Rd8 29. Nf2 Bh4 30. Rd3 Rfd7 31. Red1 Qe7 32. Ne4 Bf6 33. Kf1 h5 34. Rxd7 Rxd7 35. Rxd7 Qxd7 36. Nxf6 Kxf6 37. Qe2 h4 38. Kf2 Qd5 39. b3 Kf7 40. Bb8 Qd7 41. Bf4 Qd8 42. Qd2 Qe7 43. Qd5+ Kf6 44. Qd2 Kf7 45. Qd5+ Kf6 46. Qd2 Kf7 47. Qd5+ Kf6 1/2-1/2

[Event "Olympiad Women-43"]
[Site "Batumi"]
[Date "2018.10.03"]
[Round "9.1"]
[White "Dornbusch, Tatiana"]
[Black "Marzouk, Amira"]
[Result "1-0"]
[WhiteElo "2271"]
[BlackElo "1745"]
[PlyCount "97"]
[EventDate "2018.09.24"]
[EventType "team-swiss"]
[EventRounds "11"]
[EventCountry "GEO"]
[SourceTitle "EXT 2020"]
[Source "ChessBase"]
[SourceDate "2019.10.17"]
[SourceVersion "1"]
[SourceVersionDate "2019.10.17"]
[SourceQuality "1"]
[WhiteTeam "Monaco (W)"]
[BlackTeam "Tunisia (W)"]
[WhiteTeamCountry "MNC"]
[BlackTeamCountry "TUN"]

1. d4 Nf6 2. c4 e6 3. Nc3 Bb4 4. Qc2 0-0 5. Nf3 d5 6. Bg5 h6 7. Bxf6 Qxf6 8. e3 b6 9. cxd5 exd5 10. Bd3 c5 11. 0-0 Bxc3 12. Qxc3 Nc6 13. dxc5 Qxc3 14. bxc3 bxc5 15. Rab1 Bg4 16. Rb5 c4 17. Be2 Be6 18. Rc5 Rfc8 19. Rb1 Ne7 20. Rcb5 Nc6 21. Nd4 Nxd4 22. exd4 Re8 23. R1b2 Re7 24. h3 Rae8 25. Bf3 Rd8 26. Rb7 Red7 27. Kf1 Kf8 28. Ke1 Ke7 29. R7b5 Kf6 30. Kd2 Kg5 31. R2b4 Kf4 32. Be2 Re7 33. g3+ Kg5 34. Bxc4 Kf6 35. Bf1 Bf5 36. Rb7 Rde8 37. Rxe7 Rxe7 38. Bg2 Be4 39. Bxe4 Rxe4 40. Rb7 Re7 41. Rxe7 Kxe7 42. Kd3 Kd6 43. c4 dxc4+ 44. Kxc4 f5 45. f4 g5 46. h4 g4 47. h5 a6 48. d5 a5 49. a4 1-0

[Event "TUN-ch (Women)"]
[Site "Hammamet"]
[Date "2018.02.21"]
[Round "8"]
[White "Mrizek, Asma"]
[Black "Marzouk, Amira"]
[Result "0-1"]
[WhiteElo "1306"]
[BlackElo "1725"]
[PlyCount "58"]
[EventDate "2018.02.16"]
[EventType "swiss"]
[EventRounds "9"]
[EventCountry "TUN"]
[SourceTitle "CBM 183 Extra"]
[Source "ChessBase"]
[SourceDate "2018.04.19"]
[SourceVersion "1"]
[SourceVersionDate "2018.04.19"]
[SourceQuality "1"]

1. e4 c5 2. Nf3 d6 3. c3 Nf6 4. Be2 Bd7 5. d3 Bc6 6. 0-0 Nbd7 7. Re1 e5 8. Bg5 h6 9. Bh4 g5 10. Bg3 Nh5 11. h3 Nf4 12. Nh2 Bg7 13. Bf3 Nf6 14. Ng4 Nxg4 15. Bxg4 Bd7 16. Bxf4 exf4 17. Bxd7+ Qxd7 18. Na3 h5 19. Qf3 Be5 20. Nc4 g4 21. hxg4 hxg4 22. Nxe5 dxe5 23. Qd1 0-0-0 24. f3 g3 25. Kf1 Rh2 26. Ke2 Rxg2+ 27. Kf1 Rf2+ 28. Kg1 Qh3 29. Re2 Qg2# 0-1

[Event "TUN-ch (Women)"]
[Site "Hammamet"]
[Date "2018.02.18"]
[Round "4"]
[White "Miladi, Amen"]
[Black "Marzouk, Amira"]
[Result "1/2-1/2"]
[WhiteElo "1553"]
[BlackElo "1725"]
[PlyCount "55"]
[EventDate "2018.02.16"]
[EventType "swiss"]
[EventRounds "9"]
[EventCountry "TUN"]
[SourceTitle "CBM 183 Extra"]
[Source "ChessBase"]
[SourceDate "2018.04.19"]
[SourceVersion "1"]
[SourceVersionDate "2018.04.19"]
[SourceQuality "1"]

1. e4 c5 2. Nf3 d6 3. d4 cxd4 4. Qxd4 a6 5. Be3 Nc6 6. Qd2 Nf6 7. Nc3 g6 8. h3 Bg7 9. Bd3 0-0 10. 0-0 Be6 11. a4 Qc7 12. Nd4 Nxd4 13. Bxd4 Rfd8 14. Qe3 Nd7 15. Bxg7 Kxg7 16. Qd4+ Kg8 17. f4 Qb6 18. Qxb6 Nxb6 19. a5 Nc4 20. Bxc4 Bxc4 21. Rfd1 Kf8 22. Nd5 Bxd5 23. Rxd5 Rac8 24. c3 Rc4 25. Rd4 Rdc8 26. Rad1 R4c5 27. Rd5 Rc4 28. R5d4 1/2-1/2

[Event "Africa-ch (Women)"]
[Site "Oran"]
[Date "2017.07.08"]
[Round "7"]
[White "Marzouk, Amira"]
[Black "Chihi, Malak"]
[Result "1/2-1/2"]
[WhiteElo "1702"]
[BlackElo "1623"]
[PlyCount "64"]
[EventDate "2017.07.02"]
[EventType "swiss"]
[EventRounds "9"]
[EventCountry "ALG"]
[SourceTitle "CBM 179 Extra"]
[Source "ChessBase"]
[SourceDate "2017.08.23"]
[SourceVersion "1"]
[SourceVersionDate "2017.08.23"]
[SourceQuality "1"]

1. d4 d5 2. Bf4 e6 3. e3 Nf6 4. Nf3 c5 5. c3 Nc6 6. Nbd2 Qb6 7. Qb3 Qxb3 8. axb3 Bd7 9. h3 cxd4 10. exd4 Be7 11. Bd3 a6 12. b4 0-0 13. 0-0 Na7 14. Nb3 Bb5 15. Bxb5 Nxb5 16. Nc5 Bxc5 17. bxc5 Nd7 18. Rfe1 Rfc8 19. Ne5 Nxe5 20. Bxe5 Rc6 21. Ra2 b6 22. cxb6 Rxb6 23. Rea1 Nd6 24. Bxd6 Rxd6 25. b4 Rb6 26. Ra5 Kf8 27. Kf1 Ke7 28. Rc5 Kd7 29. Ke2 Rc8 30. Kd3 Rcc6 31. Re1 Rb5 32. Ra1 Rbb6 1/2-1/2

[Event "Africa-ch (Women)"]
[Site "Oran"]
[Date "2017.07.07"]
[Round "6"]
[White "Caxita, Esperanca"]
[Black "Marzouk, Amira"]
[Result "1-0"]
[WhiteElo "1876"]
[BlackElo "1702"]
[PlyCount "39"]
[EventDate "2017.07.02"]
[EventType "swiss"]
[EventRounds "9"]
[EventCountry "ALG"]
[SourceTitle "CBM 179 Extra"]
[Source "ChessBase"]
[SourceDate "2017.08.23"]
[SourceVersion "1"]
[SourceVersionDate "2017.08.23"]
[SourceQuality "1"]

1. e4 c5 2. Nf3 d6 3. d4 cxd4 4. Nxd4 Nf6 5. Nc3 g6 6. Be2 Bg7 7. Be3 Nbd7 8. Qd2 a6 9. h3 b5 10. 0-0 Bb7 11. f3 Rc8 12. Rad1 Qc7 13. a3 Nb6 14. Rfe1 0-0 15. Kh1 Rfd8 16. Bf2 e5 17. Nb3 d5 18. Bd3 dxe4 19. fxe4 Qe7 20. Bxb6 1-0

[Event "Africa-ch (Women)"]
[Site "Oran"]
[Date "2017.07.04"]
[Round "3"]
[White "Wafa, Shrook"]
[Black "Marzouk, Amira"]
[Result "1-0"]
[WhiteElo "2165"]
[BlackElo "1702"]
[PlyCount "29"]
[EventDate "2017.07.02"]
[EventType "swiss"]
[EventRounds "9"]
[EventCountry "ALG"]
[SourceTitle "CBM 179 Extra"]
[Source "ChessBase"]
[SourceDate "2017.08.23"]
[SourceVersion "1"]
[SourceVersionDate "2017.08.23"]
[SourceQuality "1"]

1. e4 c5 2. Nf3 d6 3. Bb5+ Nd7 4. 0-0 Ngf6 5. Re1 a6 6. Bxd7+ Bxd7 7. e5 dxe5 8. Nxe5 Bf5 9. d3 g6 10. Nc3 Bg7 11. Qf3 Qc8 12. Na4 Qc7 13. Bf4 Nh5 14. Nxg6 Nxf4 15. Rxe7+ 1-0

[Event "Africa-ch (Women)"]
[Site "Oran"]
[Date "2017.07.03"]
[Round "2"]
[White "Marzouk, Amira"]
[Black "Nassr, Lina"]
[Result "1-0"]
[WhiteElo "1702"]
[BlackElo "1751"]
[PlyCount "117"]
[EventDate "2017.07.02"]
[EventType "swiss"]
[EventRounds "9"]
[EventCountry "ALG"]
[SourceTitle "CBM 179 Extra"]
[Source "ChessBase"]
[SourceDate "2017.08.23"]
[SourceVersion "1"]
[SourceVersionDate "2017.08.23"]
[SourceQuality "1"]

1. d4 d5 2. Bf4 Nf6 3. e3 c5 4. c3 e6 5. Nd2 Nc6 6. Ngf3 Bd6 7. Bg3 0-0 8. Bd3 b6 9. Ne5 Ne7 10. h3 Bb7 11. 0-0 Nf5 12. Bh2 Qc7 13. Qe2 Ne7 14. Rac1 Nc6 15. f4 Qe7 16. Bg3 Nd7 17. Qh5 f5 18. Bh4 Nf6 19. Qe2 Qe8 20. Bb5 a6 21. Bd3 Ne4 22. Ndf3 Be7 23. Bxe7 Qxe7 24. Nxc6 Bxc6 25. Bxe4 dxe4 26. Ne5 Rfc8 27. Rfd1 b5 28. b3 cxd4 29. Rxd4 Be8 30. Qd2 Ra7 31. Rd6 a5 32. c4 bxc4 33. Rxc4 Rxc4 34. bxc4 Ra8 35. c5 Qc7 36. Qc3 Rb8 37. Rxe6 Rb1+ 38. Kh2 Rb8 39. Rd6 Rc8 40. Rd5 h6 41. Qd4 Kh7 42. g4 Rb8 43. gxf5 Rb4 44. Qc3 Qb8 45. Rd2 Qb5 46. c6 Rb1 47. Rf2 Rf1 48. Rxf1 Qxf1 49. Qd2 Bh5 50. Qg2 Qb1 51. c7 Qc1 52. Qxe4 Qxc7 53. f6+ Kg8 54. Qd5+ Kh7 55. Qd3+ Kg8 56. Qb3+ Kh7 57. f7 Qd6 58. Qc2+ g6 59. Nd7 1-0